Preparing Reading Professionals (Record no. 25607)

MARC details
000 -LEADER
fixed length control field 00512nam a22001817a 4500
003 - CONTROL NUMBER IDENTIFIER
control field OSt
005 - DATE AND TIME OF LATEST TRANSACTION
control field 20260630113655.0
008 - FIXED-LENGTH DATA ELEMENTS--GENERAL INFORMATION
fixed length control field 260630b |||||||| |||| 00| 0 eng d
020 ## - INTERNATIONAL STANDARD BOOK NUMBER
International Standard Book Number 0-87207-564-8
040 ## - CATALOGING SOURCE
Transcribing agency Chuka University Library
050 ## - LIBRARY OF CONGRESS CALL NUMBER
Classification number LB 2844.1 .P74 2004
100 ## - MAIN ENTRY--PERSONAL NAME
Personal name Baker W. Matthew
9 (RLIN) 32026
245 ## - TITLE STATEMENT
Title Preparing Reading Professionals
260 ## - PUBLICATION, DISTRIBUTION, ETC.
Place of publication, distribution, etc. USA
Name of publisher, distributor, etc. International Reading Association
Date of publication, distribution, etc. 2004
300 ## - PHYSICAL DESCRIPTION
Extent 385P
Other physical details Illustrations
650 ## - SUBJECT ADDED ENTRY--TOPICAL TERM
Topical term or geographic name entry element Reading Teachers
9 (RLIN) 32027
942 ## - ADDED ENTRY ELEMENTS (KOHA)
Source of classification or shelving scheme Library of Congress Classification
Koha item type Long Loan Books
Suppress in OPAC No
Holdings
Withdrawn status Lost status Source of classification or shelving scheme Damaged status Not for loan Collection Home library Current library Shelving location Date acquired Source of acquisition Cost, normal purchase price Total Checkouts Full call number Barcode Date last seen Price effective from Koha item type
    Library of Congress Classification     General Collection Books Main Campus Library Main Campus Library General Stacks 30/06/2026 Donation From Books For Africa 1289.12   LB 2844.1 .P74 2004 36358/2026 30/06/2026 30/06/2026 Long Loan Books

Powered by Koha